| 000 | 00763cab a2200229 4500 | ||
|---|---|---|---|
| 001 | ABS48308 | ||
| 008 | 090401t1993 xxu||||| |||| 00| 0 eng d | ||
| 035 | _a(Sirsi) u66099 | ||
| 041 | _aeng | ||
| 100 | _aCatalano, A. | ||
| 245 | _aWeak links in the chains | ||
| 260 | _c1993 | ||
| 350 | _a0 | ||
| 490 |
_aEstates Gazette _v(9310) 13 March 1993, 42(1) |
||
| 520 | _aExplores the rise and fall of the national chains of estate agents owned by financial institutions including a league table for the period 1990-1992 of the number of branches each has. | ||
| 650 | _aACQUISITIONS | ||
| 650 | _aESTATE AGENTS | ||
| 650 | _aFINANCIAL INSTITUTIONS | ||
| 690 | _aMANAGEMENT-BUSINESS MANAGEMENT-PROFESSIONAL PRACTICE | ||
| 942 | _n0 | ||
| 948 | _c04/03/1997 | ||
| 999 |
_c41313 _d41313 |
||